Анализ динамики ландшафтного покрова на основе данных дистанционного зондирования Земли; Исследование Земли из космоса; № 6

Bibliografiske detaljer
Parent link:Исследование Земли из космоса: научный журнал/ Российская академия наук (РАН).— , 1980-1995, 1999-2011
№ 6.— 2006.— С. 50-64
Hovedforfatter: Замятин А. В. Александр Владимирович
Summary:Обсуждается многоэтапный подход к анализу динамики земной поверхности. Базовые этапы этого подхода заключаются в проведении усовершенствованной, более точной тематической интерпретации АИ, оригинальном моделировании изменений земной поверхности на основе результатов этой интерпретации и в получении при моделировании прогнозных тематических карт на будущие моменты времени. Работоспособность и эффективность многоэтапного подхода, реализованного в виде программного обеспечения системы, исследована с использованием модельных разновременных изображений, а также при решении прикладной задачи анализа динамики земной поверхности фрагмента территории Ханты-Мансийского автономного округа.
Sprog:russisk
Udgivet: 2006
Fag:
Format: MixedMaterials Book Chapter
KOHA link:https://koha.lib.tpu.ru/cgi-bin/koha/opac-detail.pl?biblionumber=533851

MARC

LEADER 00000naa2a2200000 4500
001 533851
005 20231101113200.0
035 |a (RuTPU)RU\TPU\prd\221575 
035 |a RU\TPU\prd\70370 
090 |a 533851 
100 |a 20140805a2006 k y0rusy50 ca 
101 0 |a rus 
102 |a RU 
200 1 |a Анализ динамики ландшафтного покрова на основе данных дистанционного зондирования Земли  |f А. В. Замятин 
330 |a Обсуждается многоэтапный подход к анализу динамики земной поверхности. Базовые этапы этого подхода заключаются в проведении усовершенствованной, более точной тематической интерпретации АИ, оригинальном моделировании изменений земной поверхности на основе результатов этой интерпретации и в получении при моделировании прогнозных тематических карт на будущие моменты времени. Работоспособность и эффективность многоэтапного подхода, реализованного в виде программного обеспечения системы, исследована с использованием модельных разновременных изображений, а также при решении прикладной задачи анализа динамики земной поверхности фрагмента территории Ханты-Мансийского автономного округа. 
461 0 |0 (RuTPU)RU\TPU\prd\1522  |t Исследование Земли из космоса  |o научный журнал  |f Российская академия наук (РАН)  |d 1980-1995, 1999-2011 
463 0 |0 (RuTPU)RU\TPU\prd\48841  |t № 6  |v С. 50-64  |d 2006 
610 1 |a труды учёных ТПУ 
700 1 |a Замятин  |b А. В.  |c специалист в области информатики и вычислительной техники  |c доцент Томского политехнического университета, доктор технических наук  |f 1978-  |g Александр Владимирович  |2 stltpush  |3 (RuTPU)RU\TPU\pers\25542 
801 1 |a RU  |b 63413507  |c 20091001 
801 2 |a RU  |b 63413507  |c 20140805  |g RCR 
942 |c BK